[Event "IECC CL6-2009.28 email"]
[Site "IECC email"]
[Date "2009.11.28"]
[Round "?"]
[White "Villafana, Chester"]
[Black "D'Aragona, Vittoria"]
[Result "0-1"]
[WhiteElo "1301"]
[BlackElo "1345"]
[PlyCount "38"]
[EventDate "2009.??.??"]
[EventType "tourn (corr)"]
[EventRounds "4"]
[SourceTitle "Telechess CBM 149"]
[Source "ChessBase"]
[SourceDate "2012.07.17"]
[SourceVersion "1"]
[SourceVersionDate "2012.07.17"]
[SourceQuality "1"]
[WhiteTeam "Philippines"]
[BlackTeam "Italy"]
[WhiteTeamCountry "PHI"]
[BlackTeamCountry "ITA"]

1. e4 e6 2. d4 d5 3. Nc3 Bb4 4. e5 Ne7 5. Bd3 c5 6. Nge2 c4 7. a3 Bxc3+ 8. bxc3 cxd3 9. cxd3 0-0 10. g4 Ng6 11. f4 Qh4+ 12. Ng3 Nc6 13. 0-0 Qh3 14. Qf3 Nh4 15. Qe2 b6 16. Ra2 Ba6 17. f5 h5 18. Bg5 hxg4 19. f6 Nf3+ 0-1

[Event "IECC CL5-2009.13 email"]
[Site "IECC email"]
[Date "2009.07.23"]
[Round "?"]
[White "Dunning, Stephen"]
[Black "Villafana, Chester"]
[Result "1-0"]
[WhiteElo "1489"]
[BlackElo "1400"]
[PlyCount "51"]
[EventDate "2009.??.??"]
[EventType "tourn (corr)"]
[EventRounds "4"]
[SourceTitle "Corr 2011"]
[Source "ChessBase"]
[SourceDate "2010.08.31"]
[SourceVersion "1"]
[SourceVersionDate "2010.08.31"]
[SourceQuality "1"]
[WhiteTeam "England"]
[BlackTeam "Philippines"]
[WhiteTeamCountry "ENG"]
[BlackTeamCountry "PHI"]

1. e4 e5 2. Nf3 Nc6 3. Bc4 Bc5 4. c3 d6 5. d4 exd4 6. cxd4 Bb4+ 7. Kf1 Nf6 8. d5 Bc5 9. dxc6 bxc6 10. Bg5 h6 11. Bh4 g5 12. Bg3 Nxe4 13. Qe2 f5 14. Nfd2 Qe7 15. Nc3 Nxc3 16. Qh5+ Kf8 17. Re1 Qd7 18. bxc3 d5 19. Be5 Rh7 20. Bd3 a5 21. g4 Ba6 22. Bxa6 Rxa6 23. Nb3 Be7 24. Qg6 Bd6 25. Bxd6+ cxd6 26. Nd4 1-0